Skip to content
Inicio
Centros participantes
Catálogo
Servicios
Contacto
Login
English
Deutsch
Español
Français
Italiano
日本語
Nederlands
Português
Português (Brasil)
中文(简体)
中文(繁體)
Türkçe
עברית
Gaeilge
Cymraeg
Ελληνικά
Català
Euskara
Русский
Čeština
Suomi
Svenska
polski
Dansk
slovenščina
اللغة العربية
বাংলা
Galego
Tiếng Việt
Hrvatski
हिंदी
Հայերէն
Українська
Sámegiella
Language
All Fields
Title
Author
Subject
Call Number
ISBN/ISSN
Tag
Find
Advanced
El Censo de población de 1983...
Cite this
Email this
Print
Export Record
Export to RefWorks
Export to EndNoteWeb
Export to EndNote
Save to List
Permanent link
Add first rating
El Censo de población de 1983 y su perspectiva ocupacional/
Saved in:
Bibliographic Details
Main Author:
Fleming Arias, Francisco
Other Authors:
Sandoval Torres, Oscar
Format:
Text
Published:
San José:
ADEC
Tags:
Add Tag
No Tags, Be the first to tag this record!
Holdings
Description
Comments
Similar Items
Staff View
MARC
LEADER
00000 a a2200000 04500
001
14410
003
040
090
|a
022400
100
|a
Fleming Arias, Francisco
245
|a
El Censo de población de 1983 y su perspectiva ocupacional/
|c
Francisco Fleming Arias
260
|a
San José:
|b
ADEC
300
|a
10 p.
700
|a
Sandoval Torres, Oscar
999
|c
15957
|d
15957
Similar Items
Algunas propuestas para los censos nacionales de 1983 /
El Censo de población de 1983 y su perspectiva ocupacional Fleming Arias, Francisco
by: Fleming Arias, Francisco
Situación actual de los preparativos de los censos nacionales 1983; informe
by: Trigueros Mejía, Rafael
Palabras del Lic. W. Jiménez C. en ocasión de la inauguración del semiario sobre los censos nacionales de 1983
by: Jiménez Castro, Wilburg
Proyecto de investigación sobre el movimiento popular en Centroamérica, 1979-1983 /
by: Camacho Monge, Daniel